Division 1 Basketball Schools - Sudden Death #1 - Statistics

General Stats
  • This quiz has been taken 20 times
  • The average score is 10 of 15
Answers on the Grid
Answers color-coded by a green-red scale on the quiz's grid according to % correct below.
Northern Colorado
West Liberty
Kennesaw State
Fairmont State
New Haven
Maine
Vermont
Fayetteville State
Virginia Union
Virginia Tech
North Carolina A&T
Alaska
USC Upstate
New York
Stony Brook
Arizona Tech
Millersville
Ohio
Idaho State
Southern Indiana
Mount St. Mary's
Southern Kentucky
North Carolina State
Gannon University
Duke
 
Answer Stats
Answer % Correct
Duke
94%
Virginia Tech
88%
North Carolina A&T
75%
Kennesaw State
69%
North Carolina State
69%
Ohio
69%
Idaho State
63%
Maine
63%
Mount St. Mary's
63%
USC Upstate
63%
Vermont
63%
Northern Colorado
56%
Stony Brook
56%
New Haven
50%
Southern Indiana
50%
No matching quizzes found
Score Distribution
Percent of People with Each Score
Percentile by Number Answered
Your Score History
You have not taken this quiz